| 000 | 00424cam a2200181ua 4500 | ||
|---|---|---|---|
| 020 | _c2.50 | ||
| 041 |
_ahin _h |
||
| 082 |
_a891.43 _bGAN/ME |
||
| 100 | _aGandhiji, . | ||
| 245 |
_aMera Sapnom Ka Barath / _cGandhiji. _hTextual Documents |
||
| 250 |
_a1 / _b. |
||
| 260 |
_a : _bavajeevan Prakashan Mandir , _c1960. |
||
| 300 | _a336 ; . | ||
| 365 | _a2.50 | ||
| 504 | _a | ||
| 942 | _cBK | ||
| 999 |
_c3025 _d3025 |
||